书目信息 |
| 题名: |
国家荣誉
|
|
| 作者: | 张西 著 | |
| 分册: | ||
| 出版信息: | 北京 中国青年出版社 2004 |
|
| 页数: | 460页 | |
| 开本: | 21cm | |
| 丛书名: | ||
| 单 册: | ||
| 中图分类: | I247.57 | |
| 科图分类: | 44.572 | |
| 主题词: | 长篇小说--chang pian xiao shuo--中国--当代 , 长篇小说--chang pian xiao shuo | |
| 电子资源: | ||
| ISBN: | 7-5006-5506-1 | |
| 000 | 00802nam0 2200277 450 | |
| 000 | 00885nam0 2200289 450 | |
| 000 | 00848nam0 2200277 450 | |
| 000 | 00831nam0 2200277 450 | |
| 000 | 00794nam0 2200265 45 | |
| 001 | 012004107510 | |
| 005 | 20050908164422.49 | |
| 010 | @a7-5006-5506-1@dCNY23.00 | |
| 100 | @a20031208d2004 em y0chiy0121 ea | |
| 101 | 0 | @achi |
| 102 | @aCN@b110000 | |
| 105 | @ay z 000ay | |
| 200 | 1 | @a国家荣誉@Aguo jia rong yu@e长篇小说@f张西著 |
| 210 | @a北京@c中国青年出版社@d2004 | |
| 215 | @a460页@d21cm | |
| 606 | 0 | @a长篇小说@Achang pian xiao shuo@y中国@z当代 |
| 606 | 0 | @a长篇小说@Achang pian xiao shuo |
| 690 | @aI247.57@v4 | |
| 692 | @a44.572@v3 | |
| 701 | 0 | @a张西@Azhang xi@c(女)@4著 |
| 801 | 0 | @aCN@bSRXX@c20050908 |
| 905 | @a10447@dI247.57@eZ203 | |
| 国家荣誉:长篇小说/张西著.-北京:中国青年出版社,2004 |
| 460页;21cm |
| ISBN 7-5006-5506-1:CNY23.00 |
| ● |
| 相关链接 |
|
|
|
正题名:国家荣誉
索取号:I247.57/Z203
 
预约/预借
| 序号 | 登录号 | 条形码 | 馆藏地/架位号 | 状态 | 备注 |
| 1 | 541635 | 205416352 | 文学库108/ [索取号:I247.57/Z203] | 在馆 | |
| 2 | 541636 | 205416361 | 社科二线400B/400B社科库 18排3列1层/ [索取号:I247.57/Z203] | 在馆 | |
| 3 | 541637 | 205416370 | 社科二线422/422社科库 1排2列2层/ [索取号:I247.57/Z203] | 在馆 |